Digital Forensic Analysis of IPhone / (Record no. 540777)

000 -LEADER
fixed length control field 00438nam a22001457a 4500
082 ## - DEWEY DECIMAL CLASSIFICATION NUMBER
Classification number 004
100 ## - MAIN ENTRY--PERSONAL NAME
Personal name Khan, Waqas Ali
245 ## - TITLE STATEMENT
Title Digital Forensic Analysis of IPhone /
Statement of responsibility, etc. Waqas Ali Khan
260 ## - PUBLICATION, DISTRIBUTION, ETC.
Place of publication, distribution, etc. Islamabad :
Name of publisher, distributor, etc. MCS - NUST,
Date of publication, distribution, etc. 2012.
300 ## - PHYSICAL DESCRIPTION
Extent 51 p. ;
Dimensions 30cm.
650 ## - SUBJECT ADDED ENTRY--TOPICAL TERM
Topical term or geographic name entry element Information Technology-MS-Thesis
700 ## - ADDED ENTRY--PERSONAL NAME
Personal name Dr. Faheem Arif
942 ## - ADDED ENTRY ELEMENTS (KOHA)
Source of classification or shelving scheme
Koha item type Thesis
650 ## - SUBJECT ADDED ENTRY--TOPICAL TERM
-- 16355
700 ## - ADDED ENTRY--PERSONAL NAME
-- 34959
Holdings
Withdrawn status Lost status Source of classification or shelving scheme Damaged status Not for loan Permanent Location Current Location Shelving location Date acquired Total Checkouts Full call number Barcode Date last seen Price effective from Koha item type
          Central Library (CL) Central Library (CL) Thesis 11/09/2020   004 CL-T-896 11/09/2020 11/09/2020 Thesis
© 2023 Central Library, National University of Sciences and Technology. All Rights Reserved.